Revisión de los contratos por circunstancias sobrevinientes
Saved in:
| Hovedforfatter: | |
|---|---|
| Format: | Bog |
| Sprog: | spansk |
| Udgivet: |
Santiago
LibroTecnia
2008
|
| Fag: | |
| Tags: |
Tilføj Tag
Ingen Tags, Vær først til at tagge denne postø!
|
MARC
| LEADER | 00000nam a2200000 a 4500 | ||
|---|---|---|---|
| 001 | UCI6864 | ||
| 003 | CL-VaPUC | ||
| 008 | 080530e20080000CL |||||||||||||||||spa|d | ||
| 020 | |a 9789567950706 | ||
| 082 | 0 | 4 | |a 346.02 |b LOP |2 21 |
| 100 | |a López Díaz, Carlos |e autor |9 599046 | ||
| 245 | 1 | 0 | |a Revisión de los contratos por circunstancias sobrevinientes |
| 300 | |a 142 p | ||
| 942 | |c BK | ||
| 945 | |d 20080530 00:00:00 |a rbrito | ||
| 260 | |a Santiago |b LibroTecnia |c 2008 | ||
| 650 | 7 | |a CONTRATOS POR IMPREVISION |2 CL-VaPUC |9 529898 | |
| 650 | 0 | |a Derecho romano |9 255930 | |
| 650 | 0 | |a Edad media |9 258041 | |
| 650 | 0 | |a Edad moderna |9 350383 | |
| 650 | 0 | |a Edad contemporánea |9 350385 | |
| 650 | 0 | |a Contratos |9 255153 | |
| 650 | 7 | |a TERMINOS DE CONTRATOS |2 CL-VaPUC |9 529899 | |
| 583 | |a last modification |c 20080530 00:00:00 |k Rodrigo Vera | ||
| 999 | |c 330311 |d 330309 | ||
| 952 | |0 0 |1 0 |4 0 |6 346_020000000000000_LOP_2008 |7 0 |8 A |9 415806 |a BIBDER |b BIBDER |d 2019-11-22 |i 4444760 |o 346.02 LOP 2008 |p 4444760 |r 2023-01-25 |w 2019-11-22 |y BK |k DER | ||